书目信息 |
| 题名: |
中国笔石
|
|
| 作者: | 穆恩之 , 葛梅钰 , 林尧坤 , 倪寓南 , 李积金 编著 | |
| 分册: | ||
| 出版信息: | 北京 科学出版社 2002 |
|
| 页数: | 1205页, 256页 | |
| 开本: | 27cm | |
| 丛书名: | ||
| 单 册: | ||
| 中图分类: | Q915.813 | |
| 科图分类: | ||
| 主题词: | 笔石纲--研究--中国 | |
| 电子资源: | ||
| ISBN: | 7-03-009554-5 | |
| 000 | 01057nam0 2200301 45 | |
| 001 | 0900000020695 | |
| 005 | 20050919102822.42 | |
| 010 | @a7-03-009554-5@b精装@dCNY280.00 | |
| 100 | @a20041229d2002 ekmy0chiy0120 ea | |
| 101 | 0 | @achi@aeng |
| 102 | @aCN@b110000 | |
| 105 | @aafk az 001yy | |
| 200 | 1 | @a中国笔石@9zhong guo bi shi@f穆恩之等编著@Fmu en zhi deng bian zhu |
| 210 | @a北京@c科学出版社@d2002 | |
| 215 | @a1205页, 256页@c图,图版@d27cm | |
| 300 | @a国家科学技术学术著作出版基金资助出版 | |
| 320 | @a有书目及索引 | |
| 330 | @a本书对我国1924年至1995年已描述的3000余种笔石作了系统厘定,分析整理归并为2286种,每种除描述其形态特征外,还论及其地层和地理分布,对属和种与种之间的区别作了讨论和比较。 | |
| 606 | 0 | @a笔石纲@x研究@y中国 |
| 690 | @aQ915.813@v4 | |
| 701 | 0 | @a穆恩之@Amu en zhi@4编著 |
| 701 | 0 | @a葛梅钰@Age mei yu@4编著 |
| 701 | 0 | @a林尧坤@Alin yao kun@4编著 |
| 701 | 0 | @a倪寓南@Ani yu nan@4编著 |
| 701 | 0 | @a李积金@Ali ji jin@4编著 |
| 801 | 0 | @aCN@bTSSF@c20050919 |
| 905 | @a10447@dQ915.813@e17 | |
| 999 | @aWJ@eJDD | |
| 中国笔石/穆恩之等编著.-北京:科学出版社,2002 |
| 1205页, 256页:图,图版;27cm |
| 国家科学技术学术著作出版基金资助出版 |
| ISBN 7-03-009554-5(精装):CNY280.00 |
| 本书对我国1924年至1995年已描述的3000余种笔石作了系统厘定,分析整理归并为2286种,每种除描述其形态特征外,还论及其地层和地理分布,对属和种与种之间的区别作了讨论和比较。 |
| ● |
| 相关链接 |
|
|
|
|
正题名:中国笔石
索取号:Q915.813/17
 
预约/预借
| 序号 | 登录号 | 条形码 | 馆藏地/架位号 | 状态 | 备注 |
| 1 | 0361516 | 3615163 | 第二样本阅览室/ [索取号:Q915.813/17] | 在馆 |